[Event "Campionatul National de sah pe echipe m"]
[Site "Mamaia-Constanta"]
[Date "2013.09.06"]
[Round "7.1"]
[White "Iordachescu, Viorel"]
[Black "Miroshnichenko, Evgenij"]
[Result "1/2-1/2"]
[WhiteElo "2609"]
[BlackElo "2619"]
[PlyCount "20"]
[EventDate "2013.08.31"]
[EventRounds "9"]
[WhiteTeam "ACS SAH APA NOVA BUCURESTI"]
[BlackTeam "CS POLITEHNICA IASI"]

1. e4 c5 2. Nf3 d6 3. d4 Nf6 4. Nc3 cxd4 5. Nxd4 a6 6. Be3 Ng4 7. Bc1 Nf6 8.
Be3 Ng4 9. Bc1 Nf6 10. Be3 Ng4 1/2-1/2

[Event "Campionatul National de sah pe echipe m"]
[Site "Mamaia-Constanta"]
[Date "2013.09.06"]
[Round "7.2"]
[White "Balog, Imre"]
[Black "Miron, Lucian-Costin"]
[Result "1/2-1/2"]
[WhiteElo "2534"]
[BlackElo "2532"]
[PlyCount "156"]
[EventDate "2013.08.31"]
[EventRounds "9"]
[WhiteTeam "CS POLITEHNICA IASI"]
[BlackTeam "ACS SAH APA NOVA BUCURESTI"]

1. Nf3 d5 2. d4 e6 3. c4 Nf6 4. e3 c5 5. Nc3 a6 6. dxc5 Bxc5 7. a3 O-O 8. cxd5
exd5 9. Be2 Nc6 10. Nd4 Ne5 11. h3 Re8 12. b3 Qd6 13. Bb2 Bd7 14. Qd2 Rad8 15.
b4 Ba7 16. Nf3 Nxf3+ 17. Bxf3 d4 18. O-O-O Bf5 19. exd4 Bxd4 20. Qxd4 Qxd4 21.
Rxd4 Rxd4 22. Bxb7 Rd6 23. Rd1 Rb6 24. Bf3 Rc8 25. Rd4 Ne8 26. Kd1 Rd6 27. Nd5
Kf8 28. Rd2 Be6 29. Be5 Rd7 30. Ne3 Rcd8 31. Rxd7 Rxd7+ 32. Kc2 f6 33. Bg3 Nd6
34. a4 Ke7 35. Kc3 f5 36. Be5 Ne4+ 37. Bxe4 fxe4 38. b5 axb5 39. axb5 Rb7 40.
Bxg7 Rxb5 41. Kd4 Rb2 42. Kxe4 Rxf2 43. h4 Bc8 44. g3 Bb7+ 45. Ke5 Ra2 46. Bh6
Ra5+ 47. Kd4 Ke6 48. Bf4 Ra4+ 49. Kc3 Ra8 50. Kd3 Ra3+ 51. Kd4 Ba6 52. Ke4 Be2
53. Kd4 Ra4+ 54. Kc5 Ra5+ 55. Kd4 Bf3 56. Kc4 Kd7 57. Kb4 Ra8 58. Kc5 Rc8+ 59.
Kd4 Kc6 60. Ke5 Re8+ 61. Kf6 Be4 62. Kf7 Kd7 63. Bg5 Bg6+ 64. Kf6 Re6+ 65. Kg7
Bb1 66. Nd5 Rg6+ 67. Kh8 Ke8 68. Nf4 Ra6 69. Kg7 Bc2 70. h5 Ra5 71. Bh4 Rf5 72.
Bf6 Bb1 73. Bh4 Rf7+ 74. Kh6 Ra7 75. Kg5 Ra5+ 76. Kf6 Ra6+ 77. Kg7 Bc2 78. g4
Ra4 1/2-1/2

[Event "Campionatul National de sah pe echipe m"]
[Site "Mamaia-Constanta"]
[Date "2013.09.06"]
[Round "7.3"]
[White "Fedorov, Alexei"]
[Black "Mateuta, Gabriel"]
[Result "1-0"]
[WhiteElo "2567"]
[BlackElo "2517"]
[PlyCount "63"]
[EventDate "2013.08.31"]
[EventRounds "9"]
[WhiteTeam "ACS SAH APA NOVA BUCURESTI"]
[BlackTeam "CS POLITEHNICA IASI"]

1. e4 e6 2. d4 d5 3. Nc3 dxe4 4. Nxe4 Bd7 5. Nf3 Bc6 6. Bd3 Nd7 7. O-O Ngf6 8.
Ned2 Be7 9. Qe2 O-O 10. c4 Bxf3 11. Nxf3 c5 12. dxc5 Bxc5 13. Bd2 a5 14. Rad1
Qb6 15. b3 Rfe8 16. Bc3 Nf8 17. Qb2 N8d7 18. a3 Qc7 19. b4 axb4 20. axb4 Be7
21. c5 b6 22. Bb5 bxc5 23. Bxd7 Nxd7 24. Bxg7 f6 25. Bh6 Ne5 26. Qe2 Kf7 27.
Bf4 Nxf3+ 28. Qxf3 e5 29. Qh5+ Kg8 30. Bh6 Qc8 31. Rd3 Bf8 32. Rg3+ 1-0

[Event "Campionatul National de sah pe echipe m"]
[Site "Mamaia-Constanta"]
[Date "2013.09.06"]
[Round "7.4"]
[White "Danilov, Vladimir"]
[Black "Marin, Mihail"]
[Result "0-1"]
[WhiteElo "2405"]
[BlackElo "2560"]
[PlyCount "112"]
[EventDate "2013.08.31"]
[EventRounds "9"]
[WhiteTeam "CS POLITEHNICA IASI"]
[BlackTeam "ACS SAH APA NOVA BUCURESTI"]

1. d4 d5 2. c4 e6 3. Nc3 Nf6 4. Bg5 Nbd7 5. e3 h6 6. Bh4 Be7 7. Rc1 O-O 8. cxd5
exd5 9. Bd3 c6 10. Qc2 Re8 11. Nf3 Ne4 12. Bxe7 Qxe7 13. Bxe4 dxe4 14. Nd2 Nf6
15. O-O Bf5 16. f4 Rad8 17. Rfe1 h5 18. a3 h4 19. Nf1 h3 20. g3 Bg4 21. Nd1 Qe6
22. Nf2 Bf3 23. Qa4 a6 24. Rc5 Nd5 25. Nd2 Bg2 26. Qd1 Qf6 27. Qh5 Nxe3 28. Re5
Rxe5 29. dxe5 Qf5 30. Qxf5 Nxf5 31. Nfxe4 Rd5 32. Kf2 Nh6 33. Ke2 Ng4 34. Nf3
Nxh2 35. Nxh2 Bxe4 36. Kf2 Rd2+ 37. Re2 Rxe2+ 38. Kxe2 c5 39. Ke3 Bc6 40. Kf2
Kf8 41. Kg1 Ke7 42. Ng4 Ke6 43. Ne3 g5 44. Kh2 Bg2 45. b4 b6 46. fxg5 cxb4 47.
axb4 a5 48. b5 a4 49. Nc4 Bf1 50. Nxb6 a3 51. Na4 a2 52. Nc5+ Kxe5 53. Nb3 Bxb5
54. Kxh3 Bc4 55. Na1 Kd4 56. Kg4 Kc3 0-1

[Event "Campionatul National de sah pe echipe m"]
[Site "Mamaia-Constanta"]
[Date "2013.09.06"]
[Round "7.5"]
[White "Georgescu, Tiberiu-Marian"]
[Black "Ungureanu, Vlad"]
[Result "1/2-1/2"]
[WhiteElo "2419"]
[BlackElo "2374"]
[PlyCount "149"]
[EventDate "2013.08.31"]
[EventRounds "9"]
[WhiteTeam "ACS SAH APA NOVA BUCURESTI"]
[BlackTeam "CS POLITEHNICA IASI"]

1. d4 Nf6 2. c4 g6 3. Nc3 Bg7 4. e4 d6 5. f3 O-O 6. Be3 a6 7. Nge2 Nbd7 8. Qd2
e5 9. Rd1 Qe7 10. Nc1 c6 11. Be2 Ne8 12. O-O Nc7 13. Nb3 Re8 14. f4 exf4 15.
Bxf4 Ne6 16. Be3 Nc7 17. Bg5 f6 18. Bf4 Ne6 19. Bg3 Ng5 20. Bd3 a5 21. a4 b6
22. Rde1 Nf7 23. Bf4 Bb7 24. Qf2 Qf8 25. Be2 Rad8 26. Qg3 Qe7 27. Kh1 Nf8 28.
Bd3 Qd7 29. Be2 Qe7 30. c5 dxc5 31. dxc5 Ne6 32. Be3 Ne5 33. Rd1 Bc8 34. Qf2
Kh8 35. h3 Nxc5 36. Nxc5 bxc5 37. Bxc5 Qe6 38. Bb6 Rxd1 39. Rxd1 Qb3 40. Bf1
Nc4 41. Bxc4 Qxc4 42. Bxa5 f5 43. exf5 Bxf5 44. Rd8 Rxd8 45. Bxd8 Qd4 46. Bb6
Qxf2 47. Bxf2 Bxc3 48. bxc3 Kg7 49. Kh2 Kf6 50. Kg3 Ke5 51. Kh4 h5 52. a5 Kd6
53. Bb6 Kd7 54. a6 Kc8 55. Ba7 Be4 56. g3 Kc7 57. Kg5 Bc2 58. c4 Bd3 59. Bd4
Kb8 60. Kf6 Ka8 61. Bb6 Kb8 62. Be3 Ka8 63. Kg7 Kb8 64. Kh6 Ka8 65. Kg5 Kb8 66.
Bb6 Ka8 67. c5 Kb8 68. Kf6 Ka8 69. a7 Kb7 70. Ke5 Bc2 71. Kd6 Be4 72. h4 Bf3
73. Ke6 Be4 74. Kf6 Bd3 75. Ke5 1/2-1/2

[Event "Campionatul National de sah pe echipe m"]
[Site "Mamaia-Constanta"]
[Date "2013.09.06"]
[Round "7.1"]
[White "Jianu, Vlad-Cristian"]
[Black "Shishkin, Vadim"]
[Result "1-0"]
[WhiteElo "2550"]
[BlackElo "2508"]
[PlyCount "69"]
[EventDate "2013.08.31"]
[EventRounds "9"]
[WhiteTeam "CSM LUGOJ"]
[BlackTeam "CS MUNCITORUL RESITA"]

1. c4 Nf6 2. Nc3 d5 3. cxd5 Nxd5 4. g3 Nxc3 5. bxc3 g6 6. Bg2 Bg7 7. Nf3 O-O 8.
O-O c5 9. Rb1 Nc6 10. Qa4 Qc7 11. Qh4 e5 12. d3 Ne7 13. g4 Rb8 14. d4 exd4 15.
cxd4 cxd4 16. Ba3 Re8 17. Ng5 h6 18. Ne4 g5 19. Bd6 Qd7 20. Qg3 Ra8 21. h3 Nc6
22. Nc5 Qd8 23. Nxb7 Bxb7 24. Rxb7 Re6 25. Bxc6 Qxd6 26. Qxd6 Rxd6 27. Be4 Ra6
28. Bd5 Rf8 29. Rd1 Ra5 30. Rd7 Rc5 31. Rd3 Bf6 32. Rb3 Rc2 33. Rbb7 Rxe2 34.
Bxf7+ Kh8 35. Bc4 1-0

[Event "Campionatul National de sah pe echipe m"]
[Site "Mamaia-Constanta"]
[Date "2013.09.06"]
[Round "7.2"]
[White "Petrisor, Adrian-Marian"]
[Black "Grigoriants, Sergey"]
[Result "1/2-1/2"]
[WhiteElo "2401"]
[BlackElo "2576"]
[PlyCount "25"]
[EventDate "2013.08.31"]
[EventRounds "9"]
[WhiteTeam "CS MUNCITORUL RESITA"]
[BlackTeam "CSM LUGOJ"]

1. d4 Nf6 2. c4 e6 3. Nc3 Bb4 4. Qc2 c5 5. dxc5 O-O 6. Nf3 Bxc5 7. Bg5 Be7 8.
Rd1 b6 9. e3 Bb7 10. Be2 a6 11. O-O d6 12. Nd2 Qc7 13. Bd3 1/2-1/2

[Event "Campionatul National de sah pe echipe m"]
[Site "Mamaia-Constanta"]
[Date "2013.09.06"]
[Round "7.3"]
[White "Filip, Lucian"]
[Black "Grozav, Valeriu-Gheorghe"]
[Result "1/2-1/2"]
[WhiteElo "2453"]
[BlackElo "2165"]
[PlyCount "82"]
[EventDate "2013.08.31"]
[EventRounds "9"]
[WhiteTeam "CSM LUGOJ"]
[BlackTeam "CS MUNCITORUL RESITA"]

1. Nf3 Nf6 2. c4 g6 3. Nc3 d5 4. d4 Bg7 5. cxd5 Nxd5 6. e4 Nxc3 7. bxc3 O-O 8.
Be2 c5 9. O-O cxd4 10. cxd4 Bg4 11. Be3 Nc6 12. d5 Ne5 13. Nxe5 Bxe2 14. Qxe2
Bxe5 15. Rac1 f5 16. Bh6 Bg7 17. Bxg7 Kxg7 18. Qb2+ Kg8 19. exf5 Rxf5 20. Qxb7
Qxd5 21. Qa6 Qd7 22. Rb1 Rf6 23. Qc4+ Kg7 24. Rfe1 Raf8 25. f3 R8f7 26. Qe4 e6
27. Rbd1 Qc7 28. Rc1 Qa5 29. Re2 Rd7 30. Rc6 e5 31. Rxf6 Kxf6 32. Qc6+ Ke7 33.
f4 Rd5 34. Qb7+ Ke6 35. Qc8+ Ke7 36. Qb7+ Ke6 37. Qc6+ Ke7 38. h3 Qc5+ 39.
Qxc5+ Rxc5 40. fxe5 Ke6 41. Rb2 Kxe5 1/2-1/2

[Event "Campionatul National de sah pe echipe m"]
[Site "Mamaia-Constanta"]
[Date "2013.09.06"]
[Round "7.5"]
[White "Dragomirescu, Robin-Alexandru"]
[Black "Vrencian, Lehel"]
[Result "1-0"]
[WhiteElo "2368"]
[BlackElo "2190"]
[PlyCount "97"]
[EventDate "2013.08.31"]
[EventRounds "9"]
[WhiteTeam "CSM LUGOJ"]
[BlackTeam "CS MUNCITORUL RESITA"]

1. e4 c5 2. Nf3 d6 3. d4 cxd4 4. Nxd4 Nf6 5. Nc3 a6 6. Be3 e6 7. f3 Be7 8. Qd2
O-O 9. g4 Nc6 10. O-O-O Nxd4 11. Bxd4 b5 12. g5 Nd7 13. h4 b4 14. Na4 Qa5 15.
b3 Bb7 16. Kb1 Bc6 17. Nb2 Rfd8 18. Nc4 Qc7 19. Qxb4 Rdb8 20. Qc3 e5 21. Qa5
Qc8 22. Bf2 d5 23. exd5 Bb4 24. dxc6 Bxa5 25. cxd7 Qc7 26. Bg3 f6 27. Ne3 Kh8
28. Bh3 Qc5 29. Nd5 Bc3 30. gxf6 gxf6 31. Rd3 Bd4 32. Nxf6 Rb6 33. Ne4 Qa3 34.
Rxd4 exd4 35. Bc7 Rc6 36. Be5+ Kg8 37. Rg1+ Kf8 38. Nf6 Qc5 39. Nxh7+ Ke7 40.
Rg7+ Kd8 41. Rg8+ Ke7 42. Rg7+ Kd8 43. Bf6+ Rxf6 44. Rg8+ Ke7 45. Rxa8 Rd6 46.
Re8+ Kf7 47. Ng5+ Kg7 48. Ne6+ Rxe6 49. d8=Q 1-0

[Event "Campionatul National de sah pe echipe m"]
[Site "Mamaia-Constanta"]
[Date "2013.09.06"]
[Round "7.6"]
[White "Bolintis, Mihai"]
[Black "Manea, Alexandru"]
[Result "0-1"]
[WhiteElo "2085"]
[BlackElo "2390"]
[PlyCount "130"]
[EventDate "2013.08.31"]
[EventRounds "9"]
[WhiteTeam "CS MUNCITORUL RESITA"]
[BlackTeam "CSM LUGOJ"]

1. d4 Nf6 2. Nf3 e6 3. c4 d5 4. cxd5 exd5 5. Nc3 c6 6. Bg5 Be7 7. e3 h6 8. Bh4
Nh5 9. Bxe7 Qxe7 10. Bd3 Nf4 11. Bf1 Nd7 12. Qd2 a5 13. O-O-O Nh5 14. Bd3 Nhf6
15. e4 dxe4 16. Rhe1 O-O 17. Nxe4 Nxe4 18. Bxe4 Qb4 19. Qc3 Nf6 20. Bb1 Bg4 21.
Re3 Rfd8 22. h3 Be6 23. Re5 Rd7 24. a3 Qb6 25. g4 Qb3 26. Bf5 Qxc3+ 27. bxc3
Bxf5 28. Rxf5 Ne4 29. Ne5 Re7 30. Rd3 Nd6 31. Rff3 f6 32. Ng6 Re1+ 33. Kd2 Ra1
34. c4 Nxc4+ 35. Kc3 Rc1+ 36. Kb3 Ra6 37. Rc3 Nd2+ 38. Kb2 Nxf3 39. Kxc1 Nxd4
40. Re3 Ra8 41. Re7 b5 42. Rd7 c5 43. f4 b4 44. axb4 axb4 45. f5 h5 46. Nf4
hxg4 47. hxg4 b3 48. Kb1 Nc2 49. Rc7 c4 50. Ne6 Kh8 51. g5 fxg5 52. Nxg5 Ne3
53. Rc5 Rb8 54. Ne4 Rd8 55. Ng5 Kg8 56. Re5 Nd1 57. Ne4 c3 58. Nxc3 Nxc3+ 59.
Kb2 Nd5 60. Kxb3 Nf6 61. Kc4 Rd7 62. Re6 Kf7 63. Ra6 Ng8 64. Re6 Ne7 65. Re5
Kf6 0-1

[Event "Campionatul National de sah pe echipe m"]
[Site "Mamaia-Constanta"]
[Date "2013.09.07"]
[Round "8.1"]
[White "Erdos, Viktor"]
[Black "Shishkin, Vadim"]
[Result "1-0"]
[WhiteElo "2650"]
[BlackElo "2508"]
[PlyCount "77"]
[EventDate "2013.08.31"]
[EventRounds "9"]
[WhiteTeam "CLUBUL DE SAH AL MUN. BAIA MARE"]
[BlackTeam "CS MUNCITORUL RESITA"]

1. d4 Nf6 2. c4 g6 3. Nc3 d5 4. Qb3 dxc4 5. Qxc4 Bg7 6. e4 O-O 7. Be2 Na6 8.
Be3 Ng4 9. Bxg4 Bxg4 10. h3 Be6 11. d5 Bd7 12. Rd1 Rc8 13. Nf3 c5 14. O-O Qa5
15. e5 Qb4 16. Qe2 e6 17. Ng5 Nc7 18. dxe6 Bxe6 19. Nxe6 fxe6 20. Rd7 b6 21. f4
a6 22. Rfd1 Nb5 23. Nxb5 Qxb5 24. Qxb5 axb5 25. Rb7 Rb8 26. Re7 Rfe8 27. Rxe8+
Rxe8 28. Rd6 Bf8 29. Rxb6 b4 30. Ra6 c4 31. Rc6 Ra8 32. Rxc4 Rxa2 33. Bd4 h5
34. h4 Ra6 35. Kf2 Be7 36. g3 Ra2 37. Ke3 Ra5 38. Kd3 Kf7 39. Be3 {..... 1-0
la mutarea 44} 1-0

[Event "Campionatul National de sah pe echipe m"]
[Site "Mamaia-Constanta"]
[Date "2013.09.07"]
[Round "8.3"]
[White "Vajda, Levente"]
[Black "Thesing, Matthias"]
[Result "1-0"]
[WhiteElo "2613"]
[BlackElo "2383"]
[PlyCount "233"]
[EventDate "2013.08.31"]
[EventRounds "9"]
[WhiteTeam "CLUBUL DE SAH AL MUN. BAIA MARE"]
[BlackTeam "CS MUNCITORUL RESITA"]

1. e4 c5 2. Nf3 Nc6 3. c3 d5 4. exd5 Qxd5 5. d4 Nf6 6. Be3 Bf5 7. Be2 e6 8. O-O
Ng4 9. Na3 Nxe3 10. fxe3 Be7 11. Nb5 Qd8 12. dxc5 Bxc5 13. Nbd4 O-O 14. Qa4
Nxd4 15. exd4 Bd6 16. Rad1 Qb6 17. Qb5 Qxb5 18. Bxb5 Rad8 19. Rde1 a6 20. Bc4
b5 21. Bb3 a5 22. a3 b4 23. axb4 axb4 24. c4 Bb8 25. c5 h6 26. Kf2 Bd3 27. Rh1
Bb5 28. Rd1 Bc6 29. Ne5 Ba8 30. Rhe1 g6 31. Nc4 Bd5 32. Na5 Ba8 33. Ba4 e5 34.
Bc6 Bc7 35. Bxa8 Bxa5 36. Bb7 exd4 37. Re7 b3 38. Rd3 Bb4 39. Re5 f6 40. Rd5
Kg7 41. Rxd8 Rxd8 42. c6 Ba5 43. Ba6 Rd6 44. Bb5 Rd5 45. Rxb3 Rf5+ 46. Ke2 Re5+
47. Kd1 Kf8 48. Be2 Ke7 49. Rb7+ Kd6 50. b4 Kxc6 51. Bf3+ Kd6 52. bxa5 Rxa5 53.
Kd2 Ke5 54. Re7+ Kf5 55. Kd3 Ra4 56. Rh7 h5 57. Rg7 Kg5 58. h4+ Kf5 59. Be4+
Ke5 60. Re7+ Kd6 61. Re8 Ra3+ 62. Kc4 Rg3 63. Bf3 g5 64. Rd8+ Ke5 65. Rxd4 g4
66. Bc6 f5 67. Rd2 Ra3 68. Re2+ Kf4 69. Rf2+ Kg3 70. Rxf5 Kxh4 71. Kd4 Ra6 72.
Rc5 Kg3 73. Rc3+ Kh2 74. Ke5 h4 75. Kf4 g3 76. Rc2 Rb6 77. Be4 Rb4 78. Kf3 h3
79. gxh3+ Kxh3 80. Bf5+ Kh4 81. Rc8 Kg5 82. Bc2 Rf4+ 83. Kxg3 Rg4+ 84. Kf3 Rf4+
85. Ke3 Rb4 86. Rf8 Rb5 87. Be4 Rb3+ 88. Kd4 Ra3 89. Ke5 Rg3 90. Bf3 Kh4 91.
Kf4 Rg4+ 92. Ke3 Rg7 93. Rf5 Rg5 94. Rf4+ Kg3 95. Re4 Rg7 96. Re5 Rg8 97. Be4
Rg7 98. Rf5 Kg4 99. Re5 Rg5 100. Bf3+ Kh4 101. Re4+ Kg3 102. Re7 Rg6 103. Rh7
Rg8 104. Bd5 Rg5 105. Be4 Rg8 106. Rh1 Rg5 107. Ra1 Rg4 108. Bf5 Rg5 109. Ke4
Kh4 110. Rh1+ Kg3 111. Rh3+ Kg2 112. Re3 Kh2 113. Kf4 Rg2 114. Be4 Rf2+ 115.
Bf3 Rb2 116. Ra3 Kh3 117. Ra8 1-0

[Event "Campionatul National de sah pe echipe m"]
[Site "Mamaia-Constanta"]
[Date "2013.09.07"]
[Round "8.5"]
[White "Banusz, Tamas"]
[Black "Vrencian, Lehel"]
[Result "1-0"]
[WhiteElo "2595"]
[BlackElo "2190"]
[PlyCount "135"]
[EventDate "2013.08.31"]
[EventRounds "9"]
[WhiteTeam "CLUBUL DE SAH AL MUN. BAIA MARE"]
[BlackTeam "CS MUNCITORUL RESITA"]

1. c4 e5 2. g3 Nc6 3. Nc3 Bc5 4. Bg2 a6 5. e3 d6 6. Nge2 Ba7 7. O-O Nf6 8. d4
exd4 9. exd4 h6 10. h3 O-O 11. Be3 Bf5 12. g4 Bh7 13. Qd2 Re8 14. Ng3 Qd7 15.
Kh2 Rad8 16. Rad1 Ne7 17. d5 Bxe3 18. fxe3 Ng6 19. Rxf6 gxf6 20. e4 Qe7 21. Rf1
Ne5 22. Nh5 Bg6 23. Nxf6+ Kg7 24. Nxe8+ Rxe8 25. b3 Qh4 26. Rf4 Qg5 27. Kg3 Qe7
28. Rf2 Nd7 29. Qd4+ Kg8 30. h4 Nc5 31. b4 Nd7 32. Bf3 Ne5 33. Bd1 Bh7 34. Kh3
Qd7 35. Rg2 Qe7 36. g5 Kh8 37. gxh6 Qf6 38. Be2 Qxh6 39. Qf2 Rg8 40. Rxg8+ Bxg8
41. Nd1 Bh7 42. Qe3 Qxe3+ 43. Nxe3 Bxe4 44. Bg4 b6 $11 45. Be2 a5 46. bxa5 bxa5
47. Kg3 Kg7 48. Nd1 c6 49. dxc6 Bxc6 50. Nc3 Kg6 51. Nb5 d5 52. c5 Be8 53. Kf4
Kf6 54. h5 Bc6 55. Nd4 Be8 56. Nf3 Nc6 57. Bb5 Bd7 58. Bxc6 Bxc6 59. Nd4 Be8
60. c6 Kg7 61. c7 Bd7 62. Nf5+ Kh7 63. Kg5 Be6 64. a4 Bd7 65. Kf6 Be6 66. Nd4
Bc8 67. Kxf7 Kh6 68. Ke7 1-0

[Event "Campionatul National de sah pe echipe m"]
[Site "Mamaia-Constanta"]
[Date "2013.09.07"]
[Round "8.1"]
[White "Miroshnichenko, Evgenij"]
[Black "Jianu, Vlad-Cristian"]
[Result "1-0"]
[WhiteElo "2619"]
[BlackElo "2550"]
[PlyCount "158"]
[EventDate "2013.08.31"]
[EventRounds "9"]
[WhiteTeam "CS POLITEHNICA IASI"]
[BlackTeam "CSM LUGOJ"]

1. Nf3 Nf6 2. g3 d5 3. Bg2 c5 4. O-O Nc6 5. d4 e6 6. c4 Be7 7. dxc5 Bxc5 8. a3
O-O 9. b4 Bb6 10. Bb2 Qe7 11. Nbd2 Rd8 12. Qc2 e5 13. cxd5 Nxd5 14. Nc4 Nd4 15.
Nxd4 Bxd4 16. Rad1 Bxb2 17. Rxd5 Rxd5 18. Bxd5 Bd4 19. e3 Bb6 20. Qe4 Bh3 21.
Rd1 Bc7 22. Bxb7 Rd8 23. Rxd8+ Qxd8 24. Bd5 Qe8 25. Nd2 h6 26. Qc4 Qd7 27. Ne4
Bb6 28. Nc5 Qe7 29. Bg2 Bf5 30. h3 h5 31. h4 g6 32. Be4 Bxc5 33. Bxf5 Bxb4 34.
Bxg6 Bxa3 35. Bxh5 a5 36. Bd1 Bb4 37. Bb3 Qf6 38. Kf1 Qf3 39. Kg1 Be1 40. Qf1
Bb4 41. Qb1 Kg7 42. Qc2 Be1 43. Ba4 Kg8 44. Kf1 Bb4 45. Bc6 Qf6 46. Bd5 Qa6+
47. Kg1 Qf6 48. Kg2 Kg7 49. Qe2 Bc3 50. Qg4+ Qg6 51. Qc4 Bb4 52. Be4 Qf6 53.
Kf1 Qe7 54. Bc2 Qf6 55. Ke2 Kf8 56. Bb3 Kg7 57. g4 e4 58. Qxe4 Qxh4 59. Qc4 Qf6
60. f4 Qe7 61. g5 Qd7 62. Kf2 Qd2+ 63. Kf3 Qd7 64. Kg3 Be1+ 65. Kh2 Qd2+ 66.
Kh1 Qd7 67. Kg2 Bb4 68. Kf3 Qf5 69. Qf1 Qc5 70. Qa6 Qd6 71. Qb7 Qe7 72. Qd5 Bc3
73. e4 Bb2 74. e5 Bc3 75. Kg4 Qa7 76. Kh5 Qc7 77. Kg4 Qa7 78. Ba2 Qc7 79. e6
fxe6 1-0

[Event "Campionatul National de sah pe echipe m"]
[Site "Mamaia-Constanta"]
[Date "2013.09.07"]
[Round "8.2"]
[White "Grigoriants, Sergey"]
[Black "Balog, Imre"]
[Result "1-0"]
[WhiteElo "2576"]
[BlackElo "2534"]
[PlyCount "155"]
[EventDate "2013.08.31"]
[EventRounds "9"]
[WhiteTeam "CSM LUGOJ"]
[BlackTeam "CS POLITEHNICA IASI"]

1. c4 e5 2. Nc3 Nf6 3. g3 c6 4. Nf3 e4 5. Nd4 d5 6. cxd5 cxd5 7. d3 Nc6 8. dxe4
dxe4 9. Nxc6 Qxd1+ 10. Nxd1 bxc6 11. Bg2 Bf5 12. O-O h6 13. Ne3 Be6 14. b3 Bc5
15. Bb2 Ke7 16. Rac1 Bxe3 17. fxe3 Rac8 18. Bxf6+ gxf6 19. Bxe4 Rhd8 20. Rc2 c5
21. Bd3 Rd5 22. Rf4 Re5 23. Rh4 h5 24. Ra4 Rc7 25. Kf2 Kd6 26. Rc1 Ke7 27. Ra5
Kd6 28. Ra6+ Ke7 29. Ra5 Kd6 30. Rc3 Rg5 31. Ra6+ Ke7 32. Ra4 Re5 33. Bc2 Kd8
34. Ke1 Bd7 35. Ra6 Be6 36. Kd2 c4 37. bxc4 Bxc4 38. Rd6+ Ke7 39. Rd4 Rec5 40.
Bb3 Be6 41. Rxc5 Rxc5 42. Rb4 Ra5 43. Kc3 Kd6 44. Rd4+ Ke7 45. Rb4 Kd6 46. Kd4
Rg5 47. Rb7 Ra5 48. Rb8 Kc7 49. Rf8 Kd6 50. Ra8 Ra3 51. Kc3 Ra5 52. Kd4 Ra3 53.
Rd8+ Kc7 54. Rh8 Kd6 55. Rxh5 Bxb3 56. axb3 Rxb3 57. Ra5 Rb4+ 58. Kd3 Rb7 59.
Ke4 Re7+ 60. Kf4 Rb7 61. h4 Ke6 62. Ra6+ Ke7 63. e4 Rc7 64. g4 Rb7 65. h5 Rb1
66. Rxa7+ Kf8 67. e5 Rf1+ 68. Ke4 fxe5 69. Kxe5 Rf2 70. e4 Kg7 71. g5 Rh2 72.
h6+ Kg6 73. Ra8 Kh7 74. Ra6 Rh4 75. Rf6 Kg8 76. Kf5 Rh1 77. g6 fxg6+ 78. Kxg6
1-0

[Event "Campionatul National de sah pe echipe m"]
[Site "Mamaia-Constanta"]
[Date "2013.09.07"]
[Round "8.6"]
[White "Manea, Alexandru"]
[Black "Stegariu, Vlad-Ionut"]
[Result "1-0"]
[WhiteElo "2390"]
[BlackElo "2171"]
[PlyCount "81"]
[EventDate "2013.08.31"]
[EventRounds "9"]
[WhiteTeam "CSM LUGOJ"]
[BlackTeam "CS POLITEHNICA IASI"]

1. d4 Nf6 2. Nf3 g6 3. Bg5 Bg7 4. Nbd2 d5 5. e3 Bf5 6. c4 dxc4 7. Bxc4 Ne4 8.
Bf4 Nxd2 9. Qxd2 O-O 10. O-O c6 11. Qb4 b5 12. Be2 Nd7 13. Rac1 a5 14. Qc3 Rc8
15. Rfd1 Qb6 16. b4 axb4 17. Qxb4 Nf6 18. Qxe7 Nd5 19. Qh4 Nxf4 20. Qxf4 Ra8
21. Rd2 Be6 22. Rcc2 Rfc8 23. Ng5 Bd5 24. Bf3 f6 25. Bxd5+ cxd5 26. Nf3 Rc4 27.
Ne1 Qa5 28. Kf1 b4 29. Qd6 Qb5 30. Kg1 Ra3 31. Qe6+ Kf8 32. g3 Ra6 33. Qh3 Rac6
34. Qf1 Kf7 35. Kg2 Bf8 36. Qe2 h5 37. Nd3 Bd6 38. Nb2 b3 39. axb3 Qxb3 40.
Nxc4 dxc4 41. Qf3 1-0

[Event "Campionatul National de sah pe echipe m"]
[Site "Mamaia-Constanta"]
[Date "2013.09.07"]
[Round "8.1"]
[White "Cioara, Andrei-Nestor"]
[Black "Iordachescu, Viorel"]
[Result "1/2-1/2"]
[WhiteElo "2462"]
[BlackElo "2609"]
[PlyCount "36"]
[EventDate "2013.08.31"]
[EventRounds "9"]
[WhiteTeam "CSU PLOIESTI"]
[BlackTeam "ACS SAH APA NOVA BUCURESTI"]

1. d4 Nf6 2. c4 e6 3. g3 c5 4. d5 d6 5. Nc3 exd5 6. cxd5 g6 7. Bg2 Bg7 8. Nf3
O-O 9. O-O a6 10. a4 Re8 11. a5 b5 12. axb6 Nbd7 13. Nd2 Nxb6 14. Nb3 Nc4 15.
Ra4 Nb6 16. Ra2 Nc4 17. Ra4 Nb6 18. Ra2 Nc4 1/2-1/2

[Event "Campionatul National de sah pe echipe m"]
[Site "Mamaia-Constanta"]
[Date "2013.09.07"]
[Round "8.3"]
[White "Ionescu, Doru-Alexandru"]
[Black "Fedorov, Alexei"]
[Result "1-0"]
[WhiteElo "2330"]
[BlackElo "2567"]
[PlyCount "87"]
[EventDate "2013.08.31"]
[EventRounds "9"]
[WhiteTeam "CSU PLOIESTI"]
[BlackTeam "ACS SAH APA NOVA BUCURESTI"]

1. e4 c5 2. d3 Nc6 3. f4 g6 4. g3 Bg7 5. Bg2 e6 6. Nf3 Nge7 7. O-O O-O 8. c3 b6
9. Na3 Ba6 10. Nc2 f5 11. Re1 Qc7 12. Be3 c4 13. dxc4 Bxc4 14. exf5 Nxf5 15.
Bf2 Bd5 16. Qe2 Rae8 17. Ne3 Nxe3 18. Bxe3 Qb7 19. Rad1 Bxa2 20. Ng5 d5 21. Qg4
Qc8 22. Bh3 Rf5 23. Qh4 h6 24. Nf3 Rf7 25. Qg4 Kh7 26. Bf2 d4 27. cxd4 Bd5 28.
Bf1 Nb4 29. h4 Qc2 30. h5 g5 31. Rc1 Qf5 32. Qxf5+ Rxf5 33. Ne5 gxf4 34. g4 Rg5
35. Rc7 Kg8 36. Kh2 Bxe5 37. dxe5 Nc6 38. Bb5 Nxe5 39. Rxe5 Rxe5 40. Bxe8 Re2
41. Kg1 Rd2 42. Be1 Rg2+ 43. Kf1 Rh2 44. Bf7+ 1-0

[Event "Campionatul National de sah pe echipe m"]
[Site "Mamaia-Constanta"]
[Date "2013.09.07"]
[Round "8.4"]
[White "Marin, Mihail"]
[Black "Tomescu, Vlad"]
[Result "1-0"]
[WhiteElo "2560"]
[BlackElo "2389"]
[PlyCount "69"]
[EventDate "2013.08.31"]
[EventRounds "9"]
[WhiteTeam "ACS SAH APA NOVA BUCURESTI"]
[BlackTeam "CSU PLOIESTI"]

1. d4 Nf6 2. Nf3 e6 3. c4 b6 4. e3 Bb7 5. Bd3 Be7 6. O-O c5 7. b3 cxd4 8. exd4
O-O 9. Bb2 d5 10. Nbd2 Nbd7 11. Rc1 Rc8 12. Qe2 dxc4 13. bxc4 Re8 14. Rfd1 Qc7
15. h3 Qb8 16. Nf1 Qa8 17. N1h2 Be4 18. Re1 Bxd3 19. Qxd3 Qb7 20. a4 Rc7 21.
Nf1 Bd6 22. Ne3 Rec8 23. Rcd1 Bf4 24. d5 Bxe3 25. Rxe3 exd5 26. cxd5 Rc2 27.
Bxf6 Nxf6 28. d6 Rc1 29. Re7 Qc6 30. Rxc1 Qxc1+ 31. Re1 Qc6 32. Ne5 Qxa4 33. d7
Rd8 34. Qd6 Nxd7 35. Qe7 1-0

[Event "Campionatul National de sah pe echipe m"]
[Site "Mamaia-Constanta"]
[Date "2013.09.07"]
[Round "8.5"]
[White "Voiteanu, Gabriel"]
[Black "Doncea, Vladimir"]
[Result "1/2-1/2"]
[WhiteElo "2250"]
[BlackElo "2415"]
[PlyCount "60"]
[EventDate "2013.08.31"]
[EventRounds "9"]
[WhiteTeam "CSU PLOIESTI"]
[BlackTeam "ACS SAH APA NOVA BUCURESTI"]

1. d4 Nf6 2. c4 e6 3. g3 c5 4. d5 exd5 5. cxd5 d6 6. Nc3 g6 7. Bg2 Bg7 8. Nf3
O-O 9. O-O Re8 10. Bf4 Ne4 11. Nxe4 Rxe4 12. Nd2 Rb4 13. Ne4 h6 14. h4 Rxb2 15.
Qc1 Rxe2 16. Rb1 Bf5 17. Qc4 Bxe4 18. Bxe4 Rb2 19. Rxb2 Bxb2 20. Qb5 Be5 21.
Bxe5 dxe5 22. d6 Nd7 23. Qxb7 Rb8 24. Qxa7 Nf6 25. Bc2 Qxd6 26. Bb3 Rf8 27. Rd1
Qc6 28. Qe7 c4 29. Bxc4 Qxc4 30. Qxf6 Qxa2 1/2-1/2

[Event "Campionatul National de sah pe echipe m"]
[Site "Mamaia-Constanta"]
[Date "2013.09.07"]
[Round "8.6"]
[White "David, Alexandru-Vasile"]
[Black "Deac, Bogdan-Daniel"]
[Result "1/2-1/2"]
[WhiteElo "2088"]
[BlackElo "2224"]
[PlyCount "44"]
[EventDate "2013.08.31"]
[EventRounds "9"]
[WhiteTeam "ACS SAH APA NOVA BUCURESTI"]
[BlackTeam "CSU PLOIESTI"]

1. d4 Nf6 2. c4 c5 3. d5 b5 4. cxb5 a6 5. f3 axb5 6. e4 Qa5+ 7. Bd2 b4 8. Na3
d6 9. Nc4 Qd8 10. a3 bxa3 11. Rxa3 $11 Rxa3 12. bxa3 Qc7 13. Qa4+ Nbd7 14. Ba5
Qb8 15. Nb6 g6 16. Nxc8 Qxc8 17. Qc6 Qb8 18. Bb5 Bg7 19. Bc7 Qa7 20. Bb6 Qb8
21. Bc7 Qa7 22. Bb6 Qb8 1/2-1/2